000
00273nam a2200121Ia 4500
005
20251222143215.0
008
251222s9999||||xx |||||||||||||| ||spa||
020
_a
9972-858-08-1
082
_a
372.372/A42G
245
0
_a
Hechos para Amar:
264
_b
Alafa
942
_c
LIB
999
_c
13602
_d
13602